|
|
|
|
| LEADER |
00000nam a22000007a 4500 |
| 005 |
20150930093648.0 |
| 007 |
cr|||| ||u| |
| 008 |
150930s2015 sp ||||| |||| 00| 0 spa d |
| 020 |
|
|
|a 978-84-9085-390-0
|
| 035 |
|
|
|a 12873
|
| 040 |
|
|
|a vLex
|
| 090 |
|
|
|c 5563
|d 5563
|
| 100 |
1 |
|
|a Mara̕ Burzaco Samper, Mara̕
|
| 245 |
1 |
0 |
|a Administraciones pb︢licas rǧimen jurd̕ico, procedimientos y control - Esquemas
|h [Recurso electrn̤ico] /
|c Mara̕ Burzaco Samper
|
| 256 |
|
|
|a Servicio en ln̕ea
|
| 260 |
|
|
|a Madrid
|b Dykinson
|c 2015
|
| 300 |
|
|
|a 1 recurso electrn̤ico
|
| 500 |
|
|
|a PROCEDIMIENTO ADMINISTRATIVO COMÚN Ley 30/1992, de 26 de noviembre, de Rǧimen Jurd̕ico de las Administraciones Pb︢licas y del Procedimiento Administrativo Comn︢, actualizada a abril de 2015. Incluye la regulacin̤ sobre el derecho de acceso a la informacin̤ pb︢lica establecido en la Ley 19/2013, de 9 de diciembre, de transparencia, acceso a la informacin̤ pb︢lica y buen gobierno. Incluye anl̀isis de la Actividad administrativa sancionadora y sus principios, y de la Responsabilidad patrimonial de la Administracin̤, sus presupuestos y aspectos generales del procedimiento. PROCESO CONTENCIOSO-ADMINISTRATIVO Ley 29/1998, de 13 de julio, reguladora de la Jurisdiccin̤ Contencioso-Administrativa, actualizada con las l︢timas reformas operadas por Ley 37/2011, de 10 de octubre de 2011, de medidas de agilizacin̤ procesal y Ley 20/2013, de 9 de diciembre de 2013, de garanta̕ de unidad de mercado. Incluye legislacin̤ sobre tasas judiciales actualizada a abril de 2015.
|
| 506 |
|
|
|a Conenido solo disponible en los productos indicados
|d vLex Global
|d vLex Global (Academic Edition, excluding Law Schools)
|d vLex Global (U.S. Academic Edition, Law Schools)
|d vLex Global (U.S. Academic Edition, excluding Law Schools)
|d vLex Global (Academic Edition, Law Schools)
|
| 650 |
0 |
4 |
|a Administracin̤ pb︢lica
|z Madrid
|
| 740 |
0 |
|
|a vLex libros (Servicio en ln̕ea)
|
| 856 |
4 |
0 |
|u http://vlex.com/source/administraciones-publicas-regimen-juridico-procedimientos-y-control-esquemas-12873
|z Acceso restringido
|
| 942 |
|
|
|c BOOK
|
| 999 |
0 |
|
|a Public administration
|